000 00489nam a2200169Ia 4500
999 _c20761
_d20761
003 OSt
005 20200706121934.0
008 190216s9999||||xx |||||||||||||| ||und||
020 _a9780415253932
040 _coclc
082 _a944.04
_bLEF/F
100 _aLefebvre, Georges
_93563
245 4 _aThe French Revolution /
_cGeorges Lefebvre
260 _bRoutledge,
_c2001.
_aLondon & New York:
300 _a379p
942 _cBK
_2ddc
_h944.04
_iLEF/F
_k944.04
_mLEF/F